Central Library and Information Centre
Sibsagar Girls' College, Sivasagar : Assam

A SIMPLE STUDY OF THE INTERNATIONAL RELATIONS (Record no. 3327)

MARC details
000 -LEADER
fixed length control field 00360cam a2200157ua 4500
008 - FIXED-LENGTH DATA ELEMENTS--GENERAL INFORMATION
fixed length control field 131203n II |||gr||||Z||||||eng
040 ## - CATALOGING SOURCE
Original cataloging agency MAIN
041 ## - LANGUAGE CODE
-- English
082 ## - DEWEY DECIMAL CLASSIFICATION NUMBER
Classification number 327 SAC
100 ## - MAIN ENTRY--PERSONAL NAME
Personal name SACHDEVA.
245 ## - TITLE STATEMENT
Title A SIMPLE STUDY OF THE INTERNATIONAL RELATIONS
700 ## - ADDED ENTRY--PERSONAL NAME
Personal name GUPTA.
942 ## - ADDED ENTRY ELEMENTS (KOHA)
Koha item type Books
653 ## - INDEX TERM--UNCONTROLLED
Uncontrolled term International relations
Holdings
Withdrawn status Lost status Damaged status Not for loan Collection code Home library Current library Shelving location Date acquired Full call number Barcode Date last seen Copy number Price effective from Koha item type Public note
Withdrawn       REFPSC Central Library and Information Centre Sibsagar Girls College Central Library and Information Centre Sibsagar Girls College Withdraw items 21.04.1972 327 SAC 03279 27.02.2020 1 27.02.2020 Books V


Sibsagar Girl's College © 2020. All rights reserved.
Powered by Koha.
Maintained by Abhijit Borpuzari.